000 01659 a2200229 4500
003 NUST
005 20221128160435.0
010 _a 2010341377
020 _a9698122133
040 _cNust
082 _a530.842,PRO
245 1 0 _aProceedings of first national conference on condition monitoring and diagnostics :
_b21-23 April, 2001, Pakistan Academy of Sciences, Islamabad /
_ceditors, M. Khalid Khan Ghauri, Ovais Mahfooz ; organized by Dr. A.Q. Khan Research Laboratories.
246 1 8 _aCMD 2001
246 1 8 _aCondition monitoring and diagnostics
260 _aRawalpindi, Pakistan :
_bDr. A.Q. Khan Research Laboratories,
_c2001.
300 _a433 p. :
_bill. ;
_c24 cm.
505 _aMachine Diagnostics And Its Scope In Pakistan (Page-1), Experience Of Vibrations (Page-23), Case History (Page-45), Persistent High Vibration (Page-55), Road Traffic Noise Resulting Environmental Problems In Hyderabad (Page-65), Fluid Instability (Page-73), Fault Diagnostics (Page-87), Database Architecture For A Computer Network (Page-121), Remote Condition Monitoring Using GSM –SMS (Page-171), Maintenance Management (Page-243), Reliability In Engineering Systems (Page-271), Low Budget Generic Automated Testing Environment (Page-335), Non-Parity Space Approach For Video Motion Detection (Page-351), Cost-Effective Embedded Distributed Control And Data Acquisition (Page-363), Sensor Mounting Techniques And Signal Analysis (Page-371), Review Of Fault Isolation Techniques (Page-403).
700 1 _aGhauri, M. Khalid Khan.
_9103721
700 1 _aMahfooz, Ovais.
_9103722
710 2 _aKahuta Research Laboratories.
_95734
942 _2ddc
_cBK
_k530.842,PRO
999 _c180887
_d180887